[Event "Recife Arraes Memorial 9th"]
[Site "Recife"]
[Date "2016.10.23"]
[Round "5.13"]
[White "Da Silva, Jonathan Ferreira"]
[Black "Rocha, Vitor Firmo de Souz"]
[Result "0-1"]
[WhiteElo "1726"]
[BlackElo "2166"]
[PlyCount "65"]
[EventDate "2016.10.21"]
[EventType "swiss"]
[EventRounds "6"]
[EventCountry "BRA"]
[SourceTitle "EXT 2022"]
[Source "ChessBase"]
[SourceDate "2021.10.06"]
[SourceVersion "1"]
[SourceVersionDate "2021.10.06"]
[SourceQuality "1"]

1. Nf3 Nf6 2. g3 b5 3. Bg2 Bb7 4. d4 e6 5. Bg5 Be7 6. 0-0 0-0 7. Nbd2 d5 8. Ne5 Nbd7 9. Ndf3 c5 10. c3 Rc8 11. e3 h6 12. Bxf6 Bxf6 13. Nd3 Qc7 14. a4 a6 15. axb5 axb5 16. Qe2 Ra8 17. Nf4 Qb6 18. Bh3 b4 19. Rfc1 b3 20. Nd2 Ra2 21. Rcb1 Rfa8 22. Qd1 c4 23. e4 Bg5 24. exd5 Bxf4 25. Nxc4 Qc7 26. Na3 Bxd5 27. gxf4 Qxf4 28. Qg4 Qd2 29. c4 R2xa3 30. cxd5 Rxa1 31. Rxa1 Rxa1+ 32. Kg2 Nf6 33. Qg3 0-1

[Event "Carvalho Memorial op"]
[Site "Juazeiro do Norte"]
[Date "2012.10.13"]
[Round "4"]
[White "De Souza, Jose Roberto"]
[Black "Da Silva, Jonathan Ferreira"]
[Result "0-1"]
[WhiteElo "1795"]
[BlackElo "1719"]
[PlyCount "68"]
[EventDate "2012.10.12"]
[EventType "swiss"]
[EventRounds "6"]
[EventCountry "BRA"]
[SourceTitle "EXT 2013"]
[Source "ChessBase"]
[SourceDate "2012.11.22"]
[SourceVersion "1"]
[SourceVersionDate "2012.11.22"]
[SourceQuality "1"]

1. c4 Nf6 2. Nc3 g6 3. g3 Bg7 4. Bg2 c6 5. d4 d5 6. b3 Be6 7. e3 dxc4 8. Bh3 Bxh3 9. Nxh3 cxb3 10. Qxb3 b6 11. 0-0 Nbd7 12. Nf4 0-0 13. Nd3 e6 14. h3 Rc8 15. Bb2 Nd5 16. Ne2 c5 17. e4 c4 18. Qc2 cxd3 19. Qxd3 Nb4 20. Qb3 Nc6 21. Ba3 Nxd4 22. Nxd4 Bxd4 23. Rad1 Nc5 24. Qb1 Qf6 25. Rxd4 Qxd4 26. Bb2 Qxe4 27. Qc1 Nd3 28. Qb1 Qf3 29. Ba3 Rfd8 30. Qd1 Qxd1 31. Rxd1 Rc2 32. f4 Rxa2 33. Be7 Rd5 34. Bf6 Nxf4 0-1

[Event "Carvalho Memorial op"]
[Site "Juazeiro do Norte"]
[Date "2011.10.16"]
[Round "5.7"]
[White "Da Silva, Jonathan Ferreira"]
[Black "Ferreira, Luiz Carlos Arra Jr"]
[Result "0-1"]
[WhiteElo "1710"]
[BlackElo "1822"]
[PlyCount "78"]
[EventDate "2011.10.14"]
[EventType "swiss"]
[EventRounds "6"]
[EventCountry "BRA"]
[SourceTitle "EXT 2012"]
[Source "ChessBase"]
[SourceDate "2011.11.24"]
[SourceVersion "1"]
[SourceVersionDate "2011.11.24"]
[SourceQuality "1"]

1. e4 c6 2. d4 d5 3. Nc3 dxe4 4. Nxe4 Nd7 5. Qe2 e6 6. Nf3 Ngf6 7. Bg5 Be7 8. Bxf6 Nxf6 9. c3 0-0 10. Qc2 Qc7 11. Nfg5 Nxe4 12. Nxe4 e5 13. dxe5 Qxe5 14. 0-0-0 Be6 15. Bd3 a5 16. Kb1 a4 17. Rhe1 Qc7 18. h4 h6 19. f3 b5 20. g4 b4 21. cxb4 Bxb4 22. Rg1 Rfb8 23. Bc4 Ba3 24. b3 Bxc4 25. Qxc4 axb3 26. axb3 Qe5 27. Rg2 Bb4 28. Rb2 Qa5 29. Rd7 Rf8 30. Kc2 Rad8 31. Rb7 Be1 32. g5 Qf5 33. gxh6 Qxf3 34. Rb1 Qg2+ 35. Kc1 Bd2+ 36. Kc2 Bxh6+ 37. Kc3 Bd2+ 38. Kb2 Bb4+ 39. Kc1 Ba3+ 0-1

[Event "Carvalho Memorial op"]
[Site "Juazeiro do Norte"]
[Date "2011.10.16"]
[Round "6.10"]
[White "Lima, Claudio Roberto dos"]
[Black "Da Silva, Jonathan Ferreira"]
[Result "1-0"]
[WhiteElo "1835"]
[BlackElo "1710"]
[PlyCount "35"]
[EventDate "2011.10.14"]
[EventType "swiss"]
[EventRounds "6"]
[EventCountry "BRA"]
[SourceTitle "EXT 2012"]
[Source "ChessBase"]
[SourceDate "2011.11.24"]
[SourceVersion "1"]
[SourceVersionDate "2011.11.24"]
[SourceQuality "1"]

1. e4 e6 2. Nf3 d5 3. exd5 exd5 4. d4 Nf6 5. Bd3 Be6 6. 0-0 g6 7. Re1 Bg7 8. Ng5 Qd6 9. Qe2 0-0 10. Nxe6 Re8 11. Be3 Rxe6 12. Nd2 Nc6 13. c3 Rae8 14. Nf1 h5 15. h3 a6 16. Qc2 Kh7 17. Re2 Ne5 18. Rae1 1-0

[Event "Recife Arraes Memorial 3rd"]
[Site "Recife"]
[Date "2010.10.10"]
[Round "3.20"]
[White "Silva Filho, Silvio Pereira"]
[Black "Da Silva, Jonathan Ferreira"]
[Result "1-0"]
[WhiteElo "2039"]
[BlackElo "1710"]
[PlyCount "74"]
[EventDate "2010.10.09"]
[EventType "swiss"]
[EventRounds "5"]
[EventCountry "BRA"]
[SourceTitle "EXT 2022"]
[Source "ChessBase"]
[SourceDate "2021.10.06"]
[SourceVersion "1"]
[SourceVersionDate "2021.10.06"]
[SourceQuality "1"]

1. e4 e6 2. Nf3 d5 3. exd5 exd5 4. d4 Nf6 5. Bd3 Bg4 6. 0-0 Be7 7. Re1 0-0 8. Bg5 Nbd7 9. Nbd2 Re8 10. c3 c6 11. Qc2 Qc7 12. Ne5 h6 13. Bh4 Nxe5 14. dxe5 Nd7 15. Bg3 Qb6 16. Rab1 Bg5 17. Nf1 Bh5 18. Kh1 Nc5 19. f4 Nxd3 20. Qxd3 Be7 21. f5 Rad8 22. Bf4 d4 23. Qh3 g6 24. Bxh6 dxc3 25. bxc3 Qf2 26. g4 Rd3 27. Be3 Rxe3 28. Nxe3 Bc5 29. gxh5 Rxe5 30. Ng2 Rxf5 31. hxg6 fxg6 32. Qg4 Kg7 33. Rxb7+ Kf6 34. Qh4+ Qxh4 35. Nxh4 Rg5 36. Rc7 Bb6 37. Rxc6+ Kg7 1-0

[Event "Natal Magistral 6th B"]
[Site "Natal"]
[Date "2009.02.24"]
[Round "8.7"]
[White "Da Silva, Jonathan Ferreira"]
[Black "Rocha Filho, Orlando Donato"]
[Result "1/2-1/2"]
[WhiteElo "1713"]
[BlackElo "1813"]
[PlyCount "77"]
[EventDate "2009.02.20"]
[EventType "swiss"]
[EventRounds "8"]
[EventCountry "BRA"]
[SourceTitle "EXT 2022"]
[Source "ChessBase"]
[SourceDate "2021.10.06"]
[SourceVersion "1"]
[SourceVersionDate "2021.10.06"]
[SourceQuality "1"]

1. e4 c5 2. Nf3 d6 3. d4 cxd4 4. Nxd4 Nf6 5. Nc3 a6 6. f3 e5 7. Nb3 Be6 8. Be3 Be7 9. Na4 Nbd7 10. Bd3 Rc8 11. 0-0 d5 12. exd5 Nxd5 13. Bd2 0-0 14. Nc3 Nb4 15. Be4 Qb6+ 16. Kh1 Rfd8 17. Qe2 Bc4 18. Bd3 Nxd3 19. cxd3 Be6 20. Ne4 Bxb3 21. axb3 Qxb3 22. Bc3 f6 23. f4 h6 24. fxe5 Nxe5 25. d4 Nc6 26. Rad1 Qd5 27. Qg4 Rf8 28. Rxf6 Bxf6 29. Nxf6+ Rxf6 30. Qxc8+ Kh7 31. Qxb7 Qc4 32. Rg1 Rg6 33. d5 Qxd5 34. Qxa6 Ne7 35. Qe2 Nf5 36. Qe5 Qd3 37. h3 Ng3+ 38. Kh2 Nf1+ 39. Kh1 1/2-1/2

[Event "Natal Magistral 6th B"]
[Site "Natal"]
[Date "2009.02.22"]
[Round "5.6"]
[White "Da Silva, Jonathan Ferreira"]
[Black "Jordao Barbosa, Marcio Ferre"]
[Result "1/2-1/2"]
[WhiteElo "1713"]
[BlackElo "1811"]
[PlyCount "151"]
[EventDate "2009.02.20"]
[EventType "swiss"]
[EventRounds "8"]
[EventCountry "BRA"]
[SourceTitle "EXT 2022"]
[Source "ChessBase"]
[SourceDate "2021.10.06"]
[SourceVersion "1"]
[SourceVersionDate "2021.10.06"]
[SourceQuality "1"]

1. e4 e6 2. d4 d5 3. Nc3 Bb4 4. e5 c5 5. Bb5+ Bd7 6. Bxd7+ Nxd7 7. Nf3 Qb6 8. Be3 Ne7 9. 0-0 Nf5 10. a3 cxd4 11. Nxd4 Nxe3 12. fxe3 Bxc3 13. bxc3 Nxe5 14. Rb1 Qc7 15. Nb5 Qc5 16. Qd4 Qxd4 17. cxd4 Nd7 18. Nc7+ Ke7 19. Nxa8 Rxa8 20. Rxb7 Rc8 21. Rf2 Rc3 22. Rb3 Rc6 23. Kf1 Nb6 24. Ke1 f6 25. Kd2 Kf7 26. g4 Kg6 27. h4 Nc4+ 28. Kd3 Nd6 29. Rf4 Ne4 30. c3 a5 31. Rxe4 dxe4+ 32. Kxe4 a4 33. Rb4 Rxc3 34. Rxa4 h5 35. d5 exd5+ 36. Kxd5 Rxe3 37. gxh5+ Kxh5 38. Ra7 Kh6 39. Ra8 Kh7 40. Ra4 Re5+ 41. Kd6 Re8 42. Rg4 f5 43. Rg5 g6 44. h5 gxh5 45. Rxf5 Kg6 46. Rf1 Rh8 47. Ke6 Kg5 48. Rg1+ Kf4 49. Rb1 Re8+ 50. Kf7 Re3 51. Kg6 h4 52. Kh5 Kg3 53. Rg1+ Kh2 54. Ra1 h3 55. Kg4 Rg3+ 56. Kf4 Rg1 57. Ra2+ Rg2 58. Ra1 Rf2+ 59. Ke3 Kg2 60. Kd3 h2 61. Kc4 h1Q 62. Rxh1 Kxh1 63. a4 Rc2+ 64. Kb5 Rb2+ 65. Kc5 Ra2 66. Kb5 Rb2+ 67. Kc5 Rc2+ 68. Kb5 Kg2 69. a5 Rb2+ 70. Kc6 Ra2 71. Kb6 Rb2+ 72. Kc6 Kf3 73. a6 Ra2 74. Kb7 Ke4 75. a7 Rxa7+ 76. Kxa7 1/2-1/2

[Event "Petrolina Cordioli Memorial op"]
[Site "Petrolina"]
[Date "2008.10.12"]
[Round "6.22"]
[White "De Santana, Emidio Jose Alves"]
[Black "Da Silva, Jonathan Ferreira"]
[Result "1/2-1/2"]
[WhiteElo "1832"]
[BlackElo "1728"]
[PlyCount "38"]
[EventDate "2008.10.09"]
[EventType "swiss"]
[EventRounds "7"]
[EventCountry "BRA"]
[SourceTitle "EXT 2022"]
[Source "ChessBase"]
[SourceDate "2021.10.06"]
[SourceVersion "1"]
[SourceVersionDate "2021.10.06"]
[SourceQuality "1"]

1. c4 Nf6 2. Nc3 g6 3. g3 Bg7 4. Nf3 Nc6 5. Bg2 d6 6. e4 Bg4 7. h3 Be6 8. d3 Qd7 9. Be3 0-0 10. Qd2 a6 11. a3 b5 12. cxb5 axb5 13. Nxb5 Rfb8 14. Nbd4 Nxd4 15. Bxd4 c5 16. Bc3 Ra7 17. Ng5 h6 18. Nxe6 Qxe6 19. 0-0 c4 1/2-1/2

[Event "Petrolina Cordioli Memorial op"]
[Site "Petrolina"]
[Date "2008.10.11"]
[Round "4.15"]
[White "Bandeira, Carlos Frederico"]
[Black "Da Silva, Jonathan Ferreira"]
[Result "1/2-1/2"]
[WhiteElo "1879"]
[BlackElo "1728"]
[PlyCount "24"]
[EventDate "2008.10.09"]
[EventType "swiss"]
[EventRounds "7"]
[EventCountry "BRA"]
[SourceTitle "EXT 2022"]
[Source "ChessBase"]
[SourceDate "2021.10.06"]
[SourceVersion "1"]
[SourceVersionDate "2021.10.06"]
[SourceQuality "1"]

1. e4 e5 2. Nf3 Nc6 3. d4 exd4 4. Nxd4 Nxd4 5. Qxd4 d6 6. Bc4 Nf6 7. Nc3 g6 8. Bg5 Bg7 9. 0-0 0-0 10. f4 c5 11. Bxf6 Bxf6 12. Qd3 Bd4+ 1/2-1/2

[Event "Petrolina Cordioli Memorial op"]
[Site "Petrolina"]
[Date "2008.10.10"]
[Round "2.5"]
[White "Macedo, Maximo Iack Miranda"]
[Black "Da Silva, Jonathan Ferreira"]
[Result "1-0"]
[WhiteElo "2264"]
[BlackElo "1728"]
[PlyCount "75"]
[EventDate "2008.10.09"]
[EventType "swiss"]
[EventRounds "7"]
[EventCountry "BRA"]
[SourceTitle "EXT 2022"]
[Source "ChessBase"]
[SourceDate "2021.10.06"]
[SourceVersion "1"]
[SourceVersionDate "2021.10.06"]
[SourceQuality "1"]

1. d4 d5 2. Nf3 Nf6 3. Bf4 Bf5 4. Nbd2 e6 5. c4 Be7 6. Qb3 b6 7. h3 Nbd7 8. e3 c5 9. cxd5 Nxd5 10. Bg3 N5f6 11. Bb5 0-0 12. 0-0 Ne4 13. Nxe4 Bxe4 14. Nd2 Bd5 15. Qa4 Nf6 16. dxc5 Bxc5 17. Rfd1 Qe7 18. a3 a6 19. Bd3 b5 20. Qh4 h6 21. b4 Bd6 22. e4 Bxg3 23. Qxg3 Bb7 24. e5 Nd5 25. Ne4 Rac8 26. h4 Rc7 27. Rac1 Kh8 28. Rc5 Nb6 29. Rdc1 Rxc5 30. Nxc5 Rd8 31. Qe3 Nd5 32. Qe4 g6 33. h5 Rg8 34. Nxb7 Qxb7 35. hxg6 Rxg6 36. g3 Rg7 37. Qh4 Kg8 38. Qd8# 1-0

[Event "Quixada Sertao 6th op"]
[Site "Quixada"]
[Date "2008.07.19"]
[Round "4.17"]
[White "Da Silva, Jonathan Ferreira"]
[Black "Cavalcante, Ricardo Victor Beze"]
[Result "1-0"]
[WhiteElo "1728"]
[BlackElo "1802"]
[PlyCount "71"]
[EventDate "2008.07.17"]
[EventType "swiss"]
[EventRounds "7"]
[EventCountry "BRA"]
[SourceTitle "EXT 2022"]
[Source "ChessBase"]
[SourceDate "2021.10.06"]
[SourceVersion "1"]
[SourceVersionDate "2021.10.06"]
[SourceQuality "1"]

1. e4 e5 2. Nf3 Nc6 3. Bc4 Bc5 4. Nc3 d6 5. h3 Nf6 6. d3 h6 7. Be3 Bb6 8. Qd2 Nd4 9. Ne2 Nxe2 10. Qxe2 Qe7 11. Nh2 Bxe3 12. Qxe3 Nh5 13. Qf3 g6 14. Ng4 Bxg4 15. hxg4 Ng7 16. Qe3 h5 17. gxh5 Rxh5 18. 0-0-0 Kd7 19. g4 Rhh8 20. f4 exf4 21. Qxf4 Ne6 22. Qe3 Qf6 23. Rhf1 Qg7 24. Rf2 f6 25. Rdf1 Rhf8 26. d4 c6 27. Qb3 Nd8 28. e5 dxe5 29. dxe5 b5 30. Qd3+ Kc7 31. Qd6+ Kb7 32. Bd3 Nf7 33. Qd7+ Kb6 34. Rxf6 Nxe5 35. Qd4+ Kb7 36. Qxe5 1-0

[Event "Quixada Sertao 6th op"]
[Site "Quixada"]
[Date "2008.07.18"]
[Round "3.12"]
[White "Amorim, Daniel Madson De Me"]
[Black "Da Silva, Jonathan Ferreira"]
[Result "1-0"]
[WhiteElo "1961"]
[BlackElo "1728"]
[PlyCount "61"]
[EventDate "2008.07.17"]
[EventType "swiss"]
[EventRounds "7"]
[EventCountry "BRA"]
[SourceTitle "EXT 2022"]
[Source "ChessBase"]
[SourceDate "2021.10.06"]
[SourceVersion "1"]
[SourceVersionDate "2021.10.06"]
[SourceQuality "1"]

1. d4 d5 2. Nf3 e6 3. g3 Nf6 4. Bg2 Nc6 5. 0-0 Be7 6. Nbd2 0-0 7. c4 dxc4 8. Nxc4 Nd5 9. e4 Nb6 10. b3 Bd7 11. Be3 a5 12. Re1 Bb4 13. Qe2 Ne7 14. Nfe5 Bb5 15. Qc2 Nd7 16. Red1 f6 17. Nd3 c6 18. Nxb4 axb4 19. Bd2 Bxc4 20. Qxc4 Rxa2 21. Bxb4 Re8 22. Bh3 Nf8 23. Bxe6+ Nxe6 24. Qxe6+ Kh8 25. Qd6 Qxd6 26. Bxd6 Nc8 27. e5 Nxd6 28. exd6 Rd8 29. d5 Ra6 30. dxc6 Rxc6 31. Rd3 1-0

[Event "Quixada Sertao 6th op"]
[Site "Quixada"]
[Date "2008.07.18"]
[Round "2.15"]
[White "Da Silva, Jonathan Ferreira"]
[Black "Monte, Edmar Ferreira"]
[Result "1/2-1/2"]
[WhiteElo "1728"]
[BlackElo "1889"]
[PlyCount "102"]
[EventDate "2008.07.17"]
[EventType "swiss"]
[EventRounds "7"]
[EventCountry "BRA"]
[SourceTitle "EXT 2022"]
[Source "ChessBase"]
[SourceDate "2021.10.06"]
[SourceVersion "1"]
[SourceVersionDate "2021.10.06"]
[SourceQuality "1"]

1. e4 c5 2. Nf3 a6 3. d4 cxd4 4. Nxd4 e5 5. Nf3 Nf6 6. Bd3 d6 7. Nc3 Bg4 8. h3 Bh5 9. g4 Bg6 10. g5 Nfd7 11. Be3 Nc6 12. Qd2 Be7 13. h4 Bh5 14. Be2 Qa5 15. 0-0-0 g6 16. a3 b5 17. Nd5 Qxd2+ 18. Rxd2 Rc8 19. Nxe7 Kxe7 20. Rhd1 Nc5 21. Rxd6 Nxe4 22. Rd7+ Ke6 23. Bb6 Rb8 24. Ba7 Rbd8 25. Rxd8 Rxd8 26. Rxd8 Nxd8 27. Ng1 Bxe2 28. Nxe2 Nc6 29. Be3 f5 30. f3 Nd6 31. b3 f4 32. Bf2 Nf5 33. Kd2 Nce7 34. Nc3 h6 35. gxh6 Nxh6 36. Ne4 Kd5 37. Kd3 Nf7 38. c4+ Kc6 39. c5 Nd8 40. Nc3 Nd5 41. Nxd5 Kxd5 42. b4 Nc6 43. Bg1 a5 44. Kc3 axb4+ 45. axb4 Ne7 46. Kd3 Nf5 47. Bf2 Ne7 48. Be1 Nc6 49. Bc3 Ne7 50. Be1 Nf5 51. Bf2 Ne7 1/2-1/2

[Event "Petrolina Cordioli Memorial op"]
[Site "Petrolina"]
[Date "2007.10.21"]
[Round "4"]
[White "Da Silva, Jonathan Ferreira"]
[Black "Coelho, Ronielly Santana"]
[Result "0-1"]
[WhiteElo "1821"]
[BlackElo "1755"]
[PlyCount "92"]
[EventDate "2007.10.09"]
[EventType "swiss"]
[EventRounds "7"]
[EventCountry "BRA"]
[SourceTitle "EXT 2022"]
[Source "ChessBase"]
[SourceDate "2021.10.06"]
[SourceVersion "1"]
[SourceVersionDate "2021.10.06"]
[SourceQuality "1"]

1. e4 e5 2. d4 exd4 3. Qxd4 Nc6 4. Qd1 Nf6 5. Bd3 Bc5 6. Nf3 d6 7. h3 h6 8. Nc3 0-0 9. 0-0 a6 10. Bf4 Re8 11. e5 Nh5 12. Bh2 g5 13. exd6 Bxd6 14. Bxd6 Qxd6 15. Nxg5 Nf4 16. Nge4 Qg6 17. Ng3 Nxd3 18. Qxd3 Qxd3 19. cxd3 Be6 20. Nce4 Kg7 21. Rfd1 Rad8 22. Ne2 Nb4 23. Nf4 Bxa2 24. Nh5+ Kg6 25. Nf4+ Kf5 26. g3 Bb3 27. Rd2 Nxd3 28. Rxd3 Rxd3 29. Nxd3 Rxe4 30. Nc5 Rb4 31. g4+ Kg6 32. Nd3 Rd4 33. Ne5+ Kg7 34. Rc1 Rd1+ 35. Rxd1 Bxd1 36. Kf1 Ba4 37. Ke2 Kf6 38. f4 Ke6 39. Ke3 c5 40. h4 Bd1 41. g5 hxg5 42. hxg5 Kd5 43. f5 Bc2 44. g6 fxg6 45. fxg6 Kxe5 46. g7 Bb3 0-1

[Event "Petrolina Cordioli Memorial op"]
[Site "Petrolina"]
[Date "2007.10.21"]
[Round "6"]
[White "Da Silva, Jonathan Ferreira"]
[Black "Dos Santos, Jaqueline L Barbosa"]
[Result "1-0"]
[WhiteElo "1821"]
[BlackElo "1800"]
[PlyCount "89"]
[EventDate "2007.10.09"]
[EventType "swiss"]
[EventRounds "7"]
[EventCountry "BRA"]
[SourceTitle "EXT 2022"]
[Source "ChessBase"]
[SourceDate "2021.10.06"]
[SourceVersion "1"]
[SourceVersionDate "2021.10.06"]
[SourceQuality "1"]

1. e4 e5 2. Nf3 Nc6 3. Bc4 Bc5 4. d3 d6 5. Nc3 Nf6 6. 0-0 0-0 7. a3 a6 8. Qe2 Bg4 9. Be3 Bxe3 10. Qxe3 Bxf3 11. Qxf3 Qd7 12. Nd5 Nxd5 13. Bxd5 b5 14. Bxc6 Qxc6 15. c3 a5 16. b4 axb4 17. axb4 Rxa1 18. Rxa1 Qxc3 19. g4 Re8 20. Ra7 Qe1+ 21. Kg2 Qd2 22. Rxc7 Rd8 23. Qxf7+ Kh8 24. Re7 Rg8 25. Re8 Qxf2+ 26. Qxf2 Rxe8 27. Qb6 Rf8 28. Qxd6 Re8 29. Qd5 Rc8 30. Qxe5 Rc2+ 31. Kf3 Rc8 32. Qxb5 Rf8+ 33. Qf5 Rf6 34. Qxf6 gxf6 35. b5 Kg7 36. b6 Kf7 37. b7 Ke6 38. b8Q Kf7 39. d4 Kg7 40. d5 Kf7 41. d6 Kg7 42. d7 Kf7 43. d8Q Kg6 44. Qg8+ Kh6 45. Qf4# 1-0